F.I. Ti︠u︡tchev : stranit︠s︡y biografii : k istorii diplomaticheskoĭ karʹery /

Bibliographic Details
Main Author: Dinesman, T. G.
Format: Book
Language:Russian
Published: Moskva : IMLI RAN, 2004.
Subjects:

MARC

Tag First Indicator Second Indicator Subfields
LEADER 00000cam a22000004a 4500
001 in00002016337
005 20151031144400.0
008 041020s2004 ru a b 001 0brusoc
020 |a 592080145X 
035 |a (OCoLC)ocm56934539 
040 |a CSt  |c STF  |d TXA  |d UtOrBLW 
042 |a pcc 
049 |a TXAM 
050 4 |a PG3361.T5  |b Z64 2004 
100 1 |a Dinesman, T. G. 
245 1 0 |a F.I. Ti︠u︡tchev :  |b stranit︠s︡y biografii : k istorii diplomaticheskoĭ karʹery /  |c Tatʹi︠a︡na Dinesman. 
264 1 |a Moskva :  |b IMLI RAN,  |c 2004. 
300 |a 158 pages :  |b illustrations ;  |c 22 cm. 
336 |a text  |b txt  |2 rdacontent 
337 |a unmediated  |b n  |2 rdamedia 
338 |a volume  |b nc  |2 rdacarrier 
600 1 0 |a Ti︠u︡tchev, F. I.  |q (Fedor Ivanovich),  |d 1803-1873. 
650 0 |a Authors, Russian  |y 19th century  |v Biography. 
948 |a cataloged  |b h  |c 2004/11/30  |d c  |e spoltoratski  |f 1:09:59 pm 
994 |a E0  |b TXA 
999 |a MARS 
999 f f |s fa5e9401-6f97-3192-b09a-4558a7bf6176  |i b77973df-956b-3784-bac7-014f3d3861c4  |t 0 
952 f f |p ric  |a Texas A&M University  |b Rellis Campus  |c Joint Library Facility  |d Remote Storage  |t 0  |e PG3361.T5 Z64 2004  |h Library of Congress classification  |i unmediated -- volume  |m A14831595865 
998 f f |a PG3361.T5 Z64 2004  |t 0  |l Remote Storage